The effects of chlorination and epoxidation on mooney viscosity, curing characteristics and vulcanisate properties of silica filled chlorinated epoxidised natural rubber (Record no. 70659)
[ view plain ]
| 000 -LEADER | |
|---|---|
| fixed length control field | 01612nam a2200217Ia 4500 |
| 100 ## - MAIN ENTRY--AUTHOR NAME | |
| Personal name | Thitithammawong A |
| 245 #4 - TITLE STATEMENT | |
| Title | The effects of chlorination and epoxidation on mooney viscosity, curing characteristics and vulcanisate properties of silica filled chlorinated epoxidised natural rubber |
| 260 ## - PUBLICATION, DISTRIBUTION, ETC. (IMPRINT) | |
| Name of publisher | Journal of Rubber Research |
| Year of publication | 2015 |
| 300 ## - PHYSICAL DESCRIPTION | |
| Number of Pages | 16-Jan |
| 500 ## - GENERAL NOTE | |
| General note | Source Year: 2015 |
| 520 ## - SUMMARY, ETC. | |
| Summary, etc | Chlorinated epoxidised natural rubber (CENR) was compared to natural rubber (NR) and epoxidised natural rubber (ENR) in terms of compound and vulcanisate properties. Replacing double bonds in isoprene units by epoxidised groups and addition of chlorines affect regularity of the NR molecules. Reduction in the active unsaturated sites that can react with soluble sulphurating agent, the alteration of regularity relative to NR, together with the strong interchain interactions occurred between polar functional groups and their interactions with silica increase Mooney viscosity and decrease curing rates of ENR and CENR. They also have significant effects on mechanical, dynamic rheological and thermal properties as well as flammability of the rubber vulcanisates. THe CENR has slightly inferior mechanical and dynamic rheological properties but superior thermal stability and flammability, in comparison to ENR and NR. |
| 650 ## - SUBJECT ADDED ENTRY--TOPICAL TERM | |
| Topical Term | Chlorinated epoxidised natural rubber |
| 650 ## - SUBJECT ADDED ENTRY--TOPICAL TERM | |
| Topical Term | Composite |
| 650 ## - SUBJECT ADDED ENTRY--TOPICAL TERM | |
| Topical Term | Modification |
| 650 ## - SUBJECT ADDED ENTRY--TOPICAL TERM | |
| Topical Term | Silica |
| 650 ## - SUBJECT ADDED ENTRY--TOPICAL TERM | |
| Topical Term | Vulcanisate properties |
| 700 ## - ADDED ENTRY--PERSONAL NAME | |
| Personal name | Kasoe R |
| 700 ## - ADDED ENTRY--PERSONAL NAME | |
| Personal name | Nakason C |
| 942 ## - ADDED ENTRY ELEMENTS (KOHA) | |
| Koha item type | Journals |
| Withdrawn status | Lost status | Damaged status | Not for loan | Home library | Current library | Shelving location | Date acquired | Serial Enumeration / chronology | Koha item type |
|---|---|---|---|---|---|---|---|---|---|
| Journals | RRII Library | RRII Library | Rubber technology | 20/07/2015 | Volume 18, Issue 1 | Journals |